Dốc người Tiểu thuyết

সংরক্ষণ করুন:
গ্রন্থ-পঞ্জীর বিবরন
প্রধান লেখক: Đoàn, Hữu Nam
বিন্যাস: গ্রন্থ
ভাষা:Undetermined
প্রকাশিত: H. Hội nhà văn 2019
বিষয়গুলি:
অনলাইন ব্যবহার করুন:http://lrc.tdmu.edu.vn/opac/search/detail.asp?aID=2&ID=40751
ট্যাগগুলো: ট্যাগ যুক্ত করুন
কোনো ট্যাগ নেই, প্রথমজন হিসাবে ট্যাগ করুন!
Thư viện lưu trữ: Trung tâm Học liệu Trường Đại học Thủ Dầu Một
LEADER 00701nam a2200205Ia 4500
001 TDMU_40751
008 210410s9999 xx 000 0 und d
082 |a 398.99591 
090 |b Đ406 
100 |a Đoàn, Hữu Nam 
245 0 |a Dốc người 
245 0 |b Tiểu thuyết 
245 0 |c Đoàn Hữu Nam 
260 |a H. 
260 |b Hội nhà văn 
260 |c 2019 
300 |a 363 tr 
650 |a Văn học hiện đại  |x Văn học Việt Nam  |v Tiểu thuyết; Tiểu thuyết  |x Văn học  |z Việt Nam 
856 |u http://lrc.tdmu.edu.vn/opac/search/detail.asp?aID=2&ID=40751 
980 |a Trung tâm Học liệu Trường Đại học Thủ Dầu Một